000 00790nam a2200253Ia 4500
008
020 _a0863078133 (hbk.)
049 _aMAIN
090 0 0 _aRG525
_bNEW
245 1 2 _aA New life :
_bpregnancy, birth, and your child's first year : a comprehensive guide /
_cedited by John T. Queenan and Carrie Neher Queenan.
260 _aLondon :
_bMarshall Cavendish,
_c1987.
300 _a240 p. :
_bill. (some col.) ;
_c30 cm.
500 _aIncludes index.
650 0 _aPregnancy.
650 0 _aChildbirth.
650 0 _aInfants
_xCare.
700 1 0 _aQueenan, John T.
700 1 0 _aQueenan, Carrie Neher.
907 _a.b10370778
_b29-02-16
_c29-02-16
003
005 20230120204211.0
040 _cNUST
942 _cBOOKS
_kRG525
_mNEW
999 _c118942
_d118942